000 00669nam a22002177a 4500
003 OSt
005 20251024020445.0
008 251014b |||||||| |||| 00| 0 eng d
020 _a978-0-07-313295-2.
040 _aDWCL-Main lib
_cOC
082 _aCirc. 624.171 L487f 2008
100 _aLeet, Kenneth M.
245 _aFundamentals of structural analysis
260 _aBoston :
_bMcGraw-Hill Higher Education,
_cc2008.
300 _axxii, 792 pages :
_billustration ;
_c24 cm.
504 _aIncludes index.
650 _21. Structural analysis (Engineering).
700 _aUang, Chia Ming
700 _aGilbert, Anne M.
942 _2ddc
_cBK-CIRC
_e3rd ed.
_kCirc.
_n0
999 _c4891
_d4891